Region direct <the> international scientific journal

Medzinárodný vedecký recenzovaný časopis poskytuje priestor vedeckým statiam, diskusným príspevkom, informáciám a recenziám v kontexte problematiky regionálneho rozvoja, regionálnej politiky, európskej integrácie a súvisiacich tematických okruhov slovenských, ako aj zahraničných prispievateľov.

Salvato in:
Dettagli Bibliografici
Enti autori: Ekonomická univerzita v Bratislave. Národohospodárska fakulta, Univerzita Mateja Bela v Banskej Bystrici. Ekonomická fakulta, Spoločnosť pre regionálnu vedu a politiku
Natura: Periodico
Lingua:slovacco
Pubblicazione: Banská Bystrica Regionálne európske informačné centrum Banská Bystrica
Soggetti:
Tags: Aggiungi Tag
Nessun Tag, puoi essere il primo ad aggiungerne!!

MARC

LEADER 00000nas1a2200000$$$4500
001 0091234
005 20250709092534.9
022 |a 1337-8473 
041 0 |a slo 
044 |a SK 
245 1 0 |a Region direct  |b <the> international scientific journal 
264 1 |a Banská Bystrica  |b Regionálne európske informačné centrum Banská Bystrica 
520 |a Medzinárodný vedecký recenzovaný časopis poskytuje priestor vedeckým statiam, diskusným príspevkom, informáciám a recenziám v kontexte problematiky regionálneho rozvoja, regionálnej politiky, európskej integrácie a súvisiacich tematických okruhov slovenských, ako aj zahraničných prispievateľov. 
610 2 0 |a politika regionálna 
610 2 0 |a rozvoj regionálny 
610 2 0 |a kooperácia 
610 2 0 |a plánovanie 
710 2 |a Ekonomická univerzita v Bratislave. Národohospodárska fakulta 
710 2 |a Univerzita Mateja Bela v Banskej Bystrici. Ekonomická fakulta 
710 2 |a Spoločnosť pre regionálnu vedu a politiku